000 004910000a22001930004500
001 004662
003 MACL
005 20150819154607.0
008 150819b xxu||||| |||| 00| 0 eng d
040 _aMACL
_cMACL
041 _aEnglish
082 _a595.7/SRI
100 _aSrivastava, P.D.
_96292
245 _aAn Introduction To Etomology
_cP.D. Srivastava
260 _aNew Delhi
_c1997
_bConcept Publishing Company,
350 _a350
650 _aAnimals
_96293
942 _k596
_cBK
_2ddc
999 _c16549
_d16549